000 00992nam a2200277 i 4500
001 C2-0249820
003 PPAK
005 20180727213644.0
008 030610s2003 cau |||| ||||| | eng d
020 _a0737713461
040 _aPPAK
_beng
_cPPAK
_erda
082 0 4 _a973.921092
_223
090 0 0 _a973.921092
_bMCC
_dR
245 0 4 _aThe McCarthy hearings
264 1 _aSan Diego, California :
_bGreenhaven Press ,
_c2003
300 _a144 pages ;
_c24 cm
336 _2rdacontent
_atext
337 _2rdamedia
_aunmediated
338 _2rdacarrier
_avolume
490 1 _aOpposing viewpoints series (at issue in history)
500 _aIncludes bibliographical references and index
650 1 0 _aArmy-McCarthy Controversy, 1954 ; United States - Politics and government -1945-1953 ; United States - Politics and government - 1953 -1961
700 1 _aCunningham, Jesse G. ; Egendorf, Laura K.,
_eeditor
830 0 _aOpposing viewpoints series (at issue in history)
942 _ddc
_cB
999 _c63216
_d63216